LEADER 01107nam2 22002773i 450 001 NAP0606329 005 20180122092517.0 010 $a8825605137 100 $a20140313d1993 ||||0itac50 ba 101 | $aita 102 $ait 181 1$6z01$ai $bxxxe 182 1$6z01$an 200 1 $a3: *Approfondimenti e linee di tendenza$fRenata Paola Dameri, Genzianella Foresti 210 $aMilano$cJackson libri$d1993 215 $aXV, 663 p.$cill.$d26 cm. 462 1$1001NAP0606311$12001 $aCorso di informatica$fRenata Paola Dameri, Genzianella Foresti$v3$1700 1$aDameri$b, Renata Paola$3CFIV173623$4070$1701 1$aForesti$b, Genzianella$3REAV093986$4070 606 $aSistemi operativi$2FIR$3NAPC005078$9I 676 $a005.43$9PROGRAMMI DI SISTEMA SISTEMI OPERATIVI$v21 700 1$aDameri$b, Renata Paola$3CFIV173623$4070$066243 701 1$aForesti$b, Genzianella$3REAV093986$4005$0352331 790 1$aDameri$b, Paola R.$3CFIV231276$zDameri, Renata Paola 801 3$aIT$bIT-NA0079$c20140313 912 $aNAP0606329 996 $aApprofondimenti e linee di tendenza$91495358 997 $aUNISANNIO LEADER 01992nam 2200481 450 001 000016192 005 20050718115600.0 010 $a3-540-52894-6 100 $a20030904d1990----km-y0itay0103----ba 101 0 $aeng 102 $aDE 200 1 $aAdaptive algorithms and stochastic approximations$fAlbert Benveniste, Michel Métivier, Pierre Priouret$gtranslated from the French by Stephen S. Wilson 210 $aBerlin [etc.]$cSpringer$dc1990 215 $aXI, 365 p.$cill.$d24 cm. 225 2 $aApplications of mathematics$v22 300 $aTit. orig.: Algorithmes adaptatifs et approximations stochastiques 410 0$12001$aApplications of mathematics 606 $aAlgoritmi 676 $a511.8$v(21. ed.)$9Modelli matematici (Simulazione matematica) 691 $a62-XX$9Statistics 691 $a62L20$9Statistics. Stochastic approximation 691 $a93-XX$9Systems theory; control 691 $a93C40$9Systems theory; control. Control systems, guided systems. Adaptive control 691 $a93E12$9System theory; control. Stochastic systems and control. System identification 691 $a93E10$9System theory; control. Stochastic systems and control. Estimation and detection 700 1$aBenveniste,$bAlbert$059526 701 1$aMétivier,$bMichel$0757035 701 1$aPriouret,$bPierre$059527 702 1$aWilson,$bStephen S. 801 0$aIT$bUniversitŕ della Basilicata - B.I.A.$gRICA$2unimarc 912 $a000016192 996 $aAdaptive algorithms and stochastic approximations$91527144 997 $aUNIBAS BAS $aMONSCI BAS $aSCIENZE CAT $aEXT003$b01$c20030904$lBAS01$h1618 CAT $c20050601$lBAS01$h1755 CAT $abatch$b01$c20050718$lBAS01$h1052 CAT $c20050718$lBAS01$h1112 CAT $c20050718$lBAS01$h1142 CAT $c20050718$lBAS01$h1156 FMT Z30 -1$lBAS01$LBAS01$mBOOK$1BASA5$ADipartimento Matematica$2GEN$BCollezione generale$3MAT$6448$5M448$820030904$f51$FRiservati